01197nam a2200229 a 450000100100000000500170001000800410002702000150006804000250008310000420010824501480015026001240029830000210042249000780044350000210052150400320054250400730057471001130064783000850076095201050084599900170095000003937520201002031623.0130625s1989 sp 000 0 spa d a8400069641 aDO-SdBNPbspacBNPHU1 aTrebolle Barrera, Juliod1943-96557810aCentena in libros samuelis et regum :bvariantes textuales y composición literaria en los Libros de Samuel y Reyes /cJulio Trebolle Barrera. aMadrid :bConsejo Superior de Investigaciones Científicas, Departamento de Filología Bíblica y de Oriente,c1989. a235 p. ;c25 cm.1 aTextos y estudio Cardenal Cisneros de la biblia Pulígota matritensev47 aIncluye índice aBibliografía : p. 219-232 aIncluye referencias bibliográficas y notas al pie de las páginas2 aConsejo Superior de Investigaciones Científicas, Departamento de Filología Bíblica y de Oriente965579 0aTextos y estudio Cardenal Cisneros de la biblia Pulígota matritensev47965580 001050718MOaGRbGRcCTd2013-06-25iLF1l0o p39375-10r2020-06-25w2020-06-25y1ZNo se presta c38865d38865